000
00267pam a2200121 a 4500
020
_c
041
_a
eng
100
_a
Nichors William.
245
_a
WardTo Live By
_h
Textual Documents
260
_a
Mumbai
_b
JAICO PUBLICATION
_c
1960
300
_a
199p.
930
_a
15557
999
_c
92457
_d
92457